00405nam a22001452 4500001001100000005001700011008004100028040001500069050001600084100003000100245003500130260004500165300001000210650003900220000000455420151217155825.0070524s xx 000 0 eng d aKABUcKABU 0aQH94b.C6721 aCopley, Hugh.@000015517210aWonders of the Kenya seashore. aNairobi :bKenya Game Department,c1946. a78 p. 0aMarine biologyzKenya.@0000155173